| 000 | 01793nam a2200229 a 4500 | ||
|---|---|---|---|
| 001 | 000047853 | ||
| 003 | OSt | ||
| 005 | 20201215093524.0 | ||
| 008 | 180830s2012 dr a 000 spa d | ||
| 040 |
_aDO-SdBNP _bspa _cBNPHU |
||
| 100 | 1 |
_aLara, Evelyn Soraya _911337 |
|
| 245 | 0 |
_aGanémosle al maltrato en la tarea de crianza / _cEvelyn Soraya Lara, Sarai Ogando, Evelin González. |
|
| 260 |
_aSanto Domingo : _bPACAM : Nacional, _c2012. |
||
| 300 |
_a40 p. : _bil ; _c23 cm. |
||
| 504 | _aBibliografía : p. 40 | ||
| 505 | 0 |
_t Padres y madre maltratantes --
_tMalos tratos -- _t Consecuencias de los malos tratos -- _t …Ahora ganémosle a los malos tratos -- _tBuenos tratos -- _tPadre o madre bientratantes -- _tDesarrolla tus destrezas parentales -- _tHabilidades de la madre o padre bientratantes frente a hijos -- _tPadres y madres bientratantes de hoy -- _tResultados de los buenos tratos -- _t ¿Qué tipo de madre o padre eres? -- _tLos padres y madres autoritarios hacen y dicen -- _tComportamientos de los hijos e hijas de padres y madres autoritarios -- _tLos padres y las madres permisivos hacen y dicen _tComportamientos de los hijos e hijas de los padres y madres sobreprotectores -- _tLos padres y las madres democráticos hacen y dicen -- _tComportamientos de los hijos/as de los padres/ madres democráticos o bientratantes -- _t¡Practica los buenos tratos! -- _tAlerta: ¡Esto también es maltrato! -- _t Leyes y acuerdos internacionales que proteger a niños, niñas y adolescentes -- _tInstituciones donde puedes buscar ayuda -- _tBibliografía. |
|
| 590 | _aInventariado,2018/DG | ||
| 700 |
_aOgando, Sarai _963931 |
||
| 700 |
_aGonzález, Evelin _963930 |
||
| 710 | 2 |
_aPatronato de Ayuda a Casos de Mujeres Maltratadas, República Dominicana _963934 |
|
| 942 |
_2ddc _cLBS1 |
||
| 999 |
_c47341 _d47341 |
||